| 000 | 00412nam a2200169Ia 4500 | ||
|---|---|---|---|
| 003 | GCL | ||
| 008 | 140319s9999 xx 000 0 ara d | ||
| 040 |
_aGCL / _cGCL |
||
| 082 | 0 | 4 |
_a641.1 _bن ص |
| 100 | 1 | _aنزيهة يسرى | |
| 245 | 1 | 0 |
_aصحتك من غذائك / _cنزيهة يسرى |
| 300 | _a108 | ||
| 490 |
_aكتاب _v0 |
||
| 650 | 0 | 4 | _aالتغذية |
| 650 | 0 | 4 | _aالصحة |
| 942 |
_2ddc _cBK |
||
| 999 |
_c43191 _d43191 |
||